Religion, the cutting edge /

Bibliographic Details
Other Authors: Marcoux, Marcene
Format: Book
Language:English
Published: Framingham, MA : Dept. of Sociology, Framingham State College, [1984]
Series:New England sociologist ; v. 5, no. 1.
Subjects:

MARC

Tag First Indicator Second Indicator Subfields
LEADER 00000cam a2200000 a 4500
001 in00000009168
005 20151007051504.0
008 850510s1984 mau b 00000 eng d
035 |a (OCoLC)12017524 
035 |9 AAA3243AM 
040 |a JNA  |c JNA  |d TXA  |d UtOrBLW 
049 |a TXAM  |c 1 [A12581483], 2 [A12581530] 
050 4 |a BR479  |b .R444 1984 
245 0 0 |a Religion, the cutting edge /  |c [Marcene Marcoux, Senior Editor]. 
264 1 |a Framingham, MA :  |b Dept. of Sociology, Framingham State College,  |c [1984] 
264 4 |c ©1984 
300 |a iv, 161 pages ;  |c 22 cm. 
336 |a text  |b txt  |2 rdacontent 
337 |a unmediated  |b n  |2 rdamedia 
338 |a volume  |b nc  |2 rdacarrier 
490 1 |a The New England sociologist ;  |v v. 5, no. 1 
504 |a Includes bibliographies. 
650 0 |a Christianity  |y 20th century. 
650 0 |a Christian sociology. 
700 1 |a Marcoux, Marcene. 
830 0 |a New England sociologist ;  |v v. 5, no. 1. 
999 |a MARS 
999 f f |s 87fcfd93-78b2-3de1-9b58-b43042752727  |i 04f2be46-260d-3cb6-bd78-bc8d950a358f  |t 0 
952 f f |p ric  |a Texas A&M University  |b Rellis Campus  |c Joint Library Facility  |s JLF  |d Remote Storage  |t 0  |e BR479 .R444 1984  |h Library of Congress classification  |i unmediated -- volume  |m A14812581530 
998 f f |a BR479 .R444 1984  |t 0  |l Remote Storage